000 02269cam a22005054i 4500
003 PE-LiUPU
005 20250731173524.0
008 150706s r 000 0 d
020 _a9780877847946
035 _a(Sirsi) i9780877847946
040 _aPE-LiUPU
_bspa
_cPE-LiUPU
_erda
049 _aPRUA
082 0 4 _a236.3
_bTM
_221
245 0 4 _aThe meaning of the millennium /
_ccon la colaboración de George Eldon Ladd . [et al.], editado por Robert G. Clouse.
264 1 _aDowners Grove, Ill :
_bInterVarsity Press,
_c1977.
300 _a223 páginas ;
_c21 centímetros
336 _atext
_2rdacontent
337 _aunmediated
_2rdamedia
338 _avolume
_2rdacarrier
504 _aIncluye bibliografía.
505 0 _aHistoric premillennialism -- Disensational premillennialism -- Postmillennialism -- Amillennialism -- Postscript.
526 _aSEG42
526 _aSEG41
526 _aSEG40
526 _aSEG39
526 _aP94
526 _aP87
526 _aP86
526 _aP85
526 _aP77
526 _aP76
526 _aP35
541 _g103-9371823-5856269;
650 0 4 _aEscatología.
_95923
650 0 4 _aMilenio (Escatalogía).
700 1 _aClouse, Robert G.,
_eed.
910 _bjv
_clch
_d20120318
942 _2ddc
_cBOOK
949 _a236.9 M55
_wDEWEY
_c1
_i42149
_lCCODEBUL1
_mBUL
_r0
_sY
_tBOOK
_u2015-6-16
_xTEOLOGIA
_zUNKNOWN
_0COMPRA
_o.CIRCNOTE. No olvidar cambiar la fecha de devolución!!!!!!!
_o.STAFF. Colección General
949 _aPGT 236.3 TM
_wDEWEY
_c1
_i64278
_lCCODEBUL1
_mBUL
_p13.00
_r0
_sY
_tBOOK
_u2015-7-6
_xTEOLOGIA
_PP85
_0COMPRA
_o.CIRCNOTE. No olvidar cambiar la fecha de devolución!!!!!!!
_o.STAFF. Colección General
994 _aC0
_bPEPRU
596 _a1
999 _a236.9 M55
_wDEWEY
_c59841
_i42149
_f2021-11-10
_g5
_lCCODEBUL1
_mBUL
_r0
_sY
_tBOOK
_u2015-6-16
_xTEOLOGIA
_zUNKNOWN
_0COMPRA
_o.CIRCNOTE. No olvidar cambiar la fecha de devolución!!!!!!!
_o.STAFF. Colección General
_d59841
999 _aPGT 236.3 TM
_wDEWEY
_c1
_i64278
_f2021-11-10
_g5
_lCCODEBUL1
_mBUL
_p13.00
_r0
_sY
_tBOOK
_u2015-7-6
_xTEOLOGIA
_PP85
_0COMPRA
_o.CIRCNOTE. No olvidar cambiar la fecha de devolución!!!!!!!
_o.STAFF. Colección General
980 _81
_gALBERTO SANCHEZ Responsable de Automatización